• 首页
  • 本馆介绍
  • 公告通知
  • 最新文献
  • 馆藏检索
  • 电子资源
  • 读者导购
  • 参考咨询
  • 我的图书馆
  • 登录
  • 详细信息显示
  • 放入我的书架
  • 预约/预借图书
  • 作者相关作品
  • 分类相关作品
  • 丛书相关作品
  • 出版社相关作品

书目信息

  • 表格格式
  • 工作单格式
  • 卡片格式
题名:
京津唐地区地震密集与历史强震
    
 
作者: 王健 著
分册:  
出版信息: 北京   地震出版社  2011.09
页数: 160页
开本: 26cm
丛书名:
单 册:
中图分类: P315.5
科图分类:
主题词: 地震活动性--研究--华北地区 , 地震活动性
电子资源:
ISBN: 978-7-5028-3896-6
000 00856nam0 2200241 450
001 012012000281
005 20130701093711.04
010    @a978-7-5028-3896-6@b精装@dCNY50.00
100    @a20111228d2011 em y0chiy0110 ea
101 0  @achi
102    @aCN@b110000
105    @aa z 000yy
106    @ar
200 1  @a京津唐地区地震密集与历史强震@9jing jin tang di qu di zhen mi ji yu li shi qiang zhen@f王健著
210    @a北京@c地震出版社@d2011.09
215    @a160页@c图@d26cm
330    @a本书共分六章,内容包括:基础资料和地震密集的概念、地震密集特征分析、强震震中与地震密集的关系、历史强震参数复核与校订、1057年北京南地震考证、地震活动性物理本质。
606 0  @a地震活动性@x研究@y华北地区
606 0  @a地震活动性
690    @aP315.5@v5
701  0 @a王健@9wang jian@f(1963~)@4著
801  0 @aCN@bNLC@c20120228
905    @b544982-86@dP315.5@e108@f5
    
    京津唐地区地震密集与历史强震/王健著.-北京:地震出版社,2011.09
    160页:图;26cm
    
    
    ISBN 978-7-5028-3896-6(精装):CNY50.00
    本书共分六章,内容包括:基础资料和地震密集的概念、地震密集特征分析、强震震中与地震密集的关系、历史强震参数复核与校订、1057年北京南地震考证、地震活动性物理本质。
●
相关链接 在E读中查询图书 在五车中查询图书 在当当中查询图书 在豆瓣中查询图书


正题名:京津唐地区地震密集与历史强震     索取号:P315.5/108         预约/预借

序号 登录号 条形码 馆藏地/架位号 状态 备注
1 544982   205449825   第二样本阅览室/ [索取号:P315.5/108] 在馆    
2 544983   205449834   第三借阅区/ [索取号:P315.5/108] 在馆    
3 544984   205449843   第三借阅区/ [索取号:P315.5/108] 在馆    
4 544985   205449852   第三借阅区/ [索取号:P315.5/108] 在馆    
5 544986   205449861   第三借阅区/ [索取号:P315.5/108] 在馆    
唐山师范学院图书馆 欢迎您!
大连网信软件有限公司© 版权所有